000 01787nam a2200541 i 4500
001 54487
003 KOSZ 005
005 20220929140116.0
008 050613s2005 pl a |001 0 pol
015 _aUWD 2005/16861
020 _a8389355701
035 _a991027249729705066
035 _a(PL-WaBN)b17391878-48omnis_nlop
035 _ab17391878
035 _a(OCoLC)749592491
035 _azz2005829638
035 _a(PL)b0000001739187
035 _a(EXLNZ-48OMNIS_NETWORK)9910221742505606
040 _aWA N
_cWA N
_dWA N
_dKOSZ 005/HR
041 0 _apol
046 _k2005
080 _a657.47
080 _a657.05
080 _a658.14/.17
080 _a658.56
080 _a(075.8)
100 1 _aKister, Agnieszka
_eAutor
245 1 0 _aZarządzanie kosztami jakości :
_bsposób na poprawę efektywności przedsiębiorstwa /
_cAgnieszka Kister.
260 _aKraków :
_bOficyna Ekonomiczna. Oddział Polskich Wydawnictw Profesjonalnych,
_c2005.
300 _a160 s. :
_brys., wykr. ;
_c24 cm.
336 _aTekst
_btxt
_2rdacontent
337 _aBez urządzenia pośredniczącego
_bn
_2rdamedia
338 _aWolumin
_bnc
_2rdacarrier
380 _aKsiążki
388 _a2001-
504 _aBibliogr. s. 149-157. Indeks.
650 7 _aJakość produktu
_2DBN
650 7 _aKoszty
_2DBN
650 7 _aRachunek kosztów
_2DBN
650 7 _aRachunkowość zarządcza
_2DBN
650 7 _aZarządzanie finansami
_2DBN
655 7 _aPodręczniki akademickie
_2DBN
658 _aGospodarka, ekonomia, finanse
658 _aZarządzanie i marketing
856 _uhttp://koha.tu.koszalin.pl/cgi-bin/koha/opac-detail.pl?biblionumber=54487
_yKatalog online BPK
942 _2UKD
_cKS
999 _c54487
_d54487